<?xml version="1.0" encoding="UTF-8"?>
<record
    xmlns:xsi="http://www.w3.org/2001/XMLSchema-instance"
    xsi:schemaLocation="http://www.loc.gov/MARC21/slim http://www.loc.gov/standards/marcxml/schema/MARC21slim.xsd"
    xmlns="http://www.loc.gov/MARC21/slim">

  <leader>01124nam0a2200301   4500</leader>
  <controlfield tag="001">RU\NLR\bibl\94403</controlfield>
  <controlfield tag="005">20260409072554.0</controlfield>
  <datafield tag="010" ind1=" " ind2=" ">
    <subfield code="a">5-222-01023-6</subfield>
    <subfield code="9">10000</subfield>
  </datafield>
  <datafield tag="021" ind1=" " ind2=" ">
    <subfield code="a">RU</subfield>
    <subfield code="b">2000-7216</subfield>
    <subfield code="9">361</subfield>
  </datafield>
  <datafield tag="035" ind1=" " ind2=" ">
    <subfield code="a">(NLR Aleph) 000092249</subfield>
  </datafield>
  <datafield tag="090" ind1=" " ind2=" ">
    <subfield code="a">517962</subfield>
    <subfield code="c">517962</subfield>
  </datafield>
  <datafield tag="100" ind1=" " ind2=" ">
    <subfield code="a">20000626d2000    m  y0rusy50      ca</subfield>
  </datafield>
  <datafield tag="101" ind1="0" ind2=" ">
    <subfield code="a">rus</subfield>
  </datafield>
  <datafield tag="102" ind1=" " ind2=" ">
    <subfield code="a">RU</subfield>
  </datafield>
  <datafield tag="105" ind1=" " ind2=" ">
    <subfield code="a">a   |||||||||</subfield>
  </datafield>
  <datafield tag="200" ind1="1" ind2=" ">
    <subfield code="a">&#x412;&#x435;&#x441;&#x435;&#x43B;&#x43E;&#x435; &#x437;&#x430;&#x441;&#x442;&#x43E;&#x43B;&#x44C;&#x435;</subfield>
    <subfield code="e">&#x41F;&#x43E;&#x441;&#x43E;&#x431;&#x438;&#x435; &#x434;&#x43B;&#x44F; &#x442;&#x430;&#x43C;&#x430;&#x434;&#x44B;</subfield>
    <subfield code="e">&#x41E;&#x441;&#x442;&#x440;&#x43E;&#x443;&#x43C;. &#x442;&#x43E;&#x441;&#x442;&#x44B;, &#x432;&#x435;&#x441;&#x435;&#x43B;&#x44B;&#x435; &#x447;&#x430;&#x441;&#x442;&#x443;&#x448;&#x43A;&#x438;, &#x437;&#x430;&#x441;&#x442;&#x43E;&#x43B;. &#x43F;&#x435;&#x441;&#x43D;&#x438;, &#x438;&#x440;&#x43E;&#x43D;. &#x441;&#x442;&#x438;&#x445;&#x438;</subfield>
    <subfield code="f">[&#x410;&#x432;&#x442;.-&#x441;&#x43E;&#x441;&#x442;.: &#x41E;&#x43B;&#x435;&#x433; &#x411;&#x443;&#x442;&#x430;&#x435;&#x432;]</subfield>
  </datafield>
  <datafield tag="210" ind1=" " ind2=" ">
    <subfield code="a">&#x420;&#x43E;&#x441;&#x442;&#x43E;&#x432; &#x43D;/&#x414;</subfield>
    <subfield code="c">&#x424;&#x435;&#x43D;&#x438;&#x43A;&#x441;</subfield>
    <subfield code="d">2000</subfield>
  </datafield>
  <datafield tag="215" ind1=" " ind2=" ">
    <subfield code="a">411, [2] c.</subfield>
    <subfield code="c">&#x438;&#x43B;.</subfield>
    <subfield code="d">21</subfield>
  </datafield>
  <datafield tag="225" ind1="1" ind2=" ">
    <subfield code="a">&#x414;&#x43E;&#x43C;&#x430;&#x448;&#x43D;&#x44F;&#x44F; &#x44D;&#x43D;&#x446;&#x438;&#x43A;&#x43B;&#x43E;&#x43F;&#x435;&#x434;&#x438;&#x44F;</subfield>
  </datafield>
  <datafield tag="606" ind1=" " ind2=" ">
    <subfield code="a">&#x422;&#x43E;&#x441;&#x442;&#x44B; (&#x44D;&#x442;&#x43D;&#x43E;&#x433;&#x440;.)</subfield>
    <subfield code="3">RU\NLR\auth\661059324</subfield>
    <subfield code="9">1709316</subfield>
  </datafield>
  <datafield tag="686" ind1=" " ind2=" ">
    <subfield code="a">&#x422;595.24</subfield>
  </datafield>
  <datafield tag="702" ind1=" " ind2="1">
    <subfield code="4">220</subfield>
    <subfield code="8">rus</subfield>
    <subfield code="7">ca</subfield>
    <subfield code="a">&#x411;&#x443;&#x442;&#x430;&#x435;&#x432;</subfield>
    <subfield code="b">&#x41E;. &#x421;.</subfield>
    <subfield code="g">&#x41E;&#x43B;&#x435;&#x433; &#x421;&#x430;&#x432;&#x435;&#x43B;&#x44C;&#x435;&#x432;&#x438;&#x447;</subfield>
    <subfield code="3">RU\NLR\auth\777201</subfield>
    <subfield code="9">117140</subfield>
  </datafield>
  <datafield tag="801" ind1=" " ind2="0">
    <subfield code="a">RU</subfield>
    <subfield code="b">NLR</subfield>
    <subfield code="c">20000626</subfield>
    <subfield code="g">PSBO</subfield>
  </datafield>
  <datafield tag="801" ind1=" " ind2="1">
    <subfield code="a">RU</subfield>
    <subfield code="b">NLR</subfield>
    <subfield code="c">20000626</subfield>
  </datafield>
  <datafield tag="852" ind1=" " ind2=" ">
    <subfield code="a">NLR</subfield>
    <subfield code="j">2000-3/5176</subfield>
  </datafield>
  <datafield tag="942" ind1=" " ind2=" ">
    <subfield code="c">BOOK</subfield>
  </datafield>
  <datafield tag="980" ind1=" " ind2=" ">
    <subfield code="a">NB</subfield>
  </datafield>
  <datafield tag="995" ind1=" " ind2=" ">
    <subfield code="5">2000-06-26</subfield>
    <subfield code="a">ad</subfield>
    <subfield code="b">NLR01</subfield>
    <subfield code="c">NLR01</subfield>
    <subfield code="e">RF8</subfield>
    <subfield code="f">44411</subfield>
    <subfield code="k">2000-3/5176</subfield>
    <subfield code="o">0</subfield>
    <subfield code="r">BOOK</subfield>
    <subfield code="s">200035176_</subfield>
  </datafield>
  <datafield tag="995" ind1=" " ind2=" ">
    <subfield code="5">2000-06-26</subfield>
    <subfield code="a">ad</subfield>
    <subfield code="b">NLR01</subfield>
    <subfield code="c">NLR01</subfield>
    <subfield code="e">RF8</subfield>
    <subfield code="f">44412</subfield>
    <subfield code="k">2000-3/5176</subfield>
    <subfield code="o">0</subfield>
    <subfield code="r">BOOK</subfield>
    <subfield code="s">200035176_</subfield>
  </datafield>
</record>
